[Event "Kreis-Mitte-EM"]
[Site "Zirndorf"]
[Date "2016.01.03"]
[Round "1.1"]
[White "Fuchs, Gerhard"]
[Black "Babichev, Vyacheslav"]
[Result "1-0"]
[WhiteElo "2052"]
[BlackElo "1712"]
[PlyCount "141"]
[EventDate "2016.??.??"]
[WhiteTeam "SK Nürnberg"]
[BlackTeam "SW Nürnberg Süd"]

1. c4 Nf6 2. g3 e6 3. Bg2 Be7 4. e4 d6 5. Nc3 O-O 6. Nf3 e5 7. d4 Nbd7 8. d5
Nc5 9. Qc2 a5 10. O-O Bd7 11. Be3 b6 12. b3 Ng4 13. Bxc5 bxc5 14. h3 Nf6 15. g4
Qc8 16. Nh2 h6 17. Ne2 Nh7 18. Ng3 g6 19. Ne2 Bf6 20. a4 Bg7 21. Qd3 Rb8 22.
Rab1 f5 23. f3 f4 24. Nc3 Bf6 25. Nb5 Ra8 26. Rfc1 Rf7 27. Kf2 Bh4+ 28. Ke2 Nf6
29. Rg1 Ne8 30. Kd1 Kh7 31. Kc2 Bf2 32. Rh1 Bh4 33. Nf1 Qb7 34. Nd2 Qc8 35. Bf1
Qb7 36. Be2 Qc8 37. Rbg1 Qb7 38. Nb1 Rb8 39. N1a3 Rg7 40. Kb2 Rf7 41. Nc2 Rg7
42. Ne1 Bf2 43. Rf1 Bg3 44. Qd2 Qb6 45. Bd3 c6 46. dxc6 Bxc6 47. Bc2 Rd7 48.
Nd3 Bh4 49. Nc1 Bf6 50. Ka2 Kg7 51. Ne2 Kh7 52. Nec3 Bg7 53. Nd5 Bxd5 54. exd5
Re7 55. h4 Nf6 56. h5 Rf8 57. hxg6+ Kg8 58. Bf5 Rd8 59. Be6+ Kf8 60. Qd3 Ke8
61. Qf5 Rb8 62. Rh2 Nd7 63. Rfh1 Nf8 64. Rxh6 Kd8 65. Rh8 Re8 66. Qg5+ Re7 67.
Rg8 Ke8 68. Rh7 Rbb7 69. Bf7+ Rxf7 70. gxf7+ Rxf7 71. Rhxg7 1-0

[Event "Kreis-Mitte-EM"]
[Site "Zirndorf"]
[Date "2016.01.03"]
[Round "1.2"]
[White "Diebel, Günter"]
[Black "Erlbeck, Peter"]
[Result "0-1"]
[WhiteElo "1700"]
[BlackElo "2018"]
[PlyCount "56"]
[EventDate "2016.??.??"]
[WhiteTeam "SW Nürnberg Süd"]
[BlackTeam "SW Nürnberg Süd"]

1. e4 c5 2. Nf3 Nc6 3. c3 Nf6 4. e5 Nd5 5. c4 Nc7 6. b3 g6 7. Bb2 Bg7 8. Qc2
Ne6 9. d3 Qc7 10. Qe2 b6 11. Nc3 Bb7 12. Nd5 Qd8 13. h4 h5 14. O-O-O O-O 15. g4
hxg4 16. Ng5 Ned4 17. Qxg4 Nxe5 18. Qh3 e6 19. f4 exd5 20. h5 Qf6 21. Kb1 gxh5
22. Qxh5 Qg6 23. fxe5 Qxh5 24. Rxh5 Rae8 25. Bxd4 cxd4 26. Nf3 dxc4 27. Nxd4
cxb3 28. Nxb3 Bf3 0-1

[Event "Kreis-Mitte-EM"]
[Site "Zirndorf"]
[Date "2016.01.03"]
[Round "1.4"]
[White "Müller, Ludwig"]
[Black "Adelhütte, Dennis"]
[Result "0-1"]
[WhiteElo "1679"]
[BlackElo "1924"]
[PlyCount "104"]
[EventDate "2016.??.??"]
[WhiteTeam "SGem Nürnberg 1978"]
[BlackTeam "SC Jäklechemie"]

1. Nf3 Nf6 2. b3 g6 3. Bb2 Bg7 4. e3 d5 5. c4 c6 6. d4 Bg4 7. h3 Bxf3 8. gxf3
O-O 9. Nd2 Nbd7 10. Qc2 Rb8 11. Bd3 Re8 12. f4 b5 13. c5 Qc7 14. Nf3 Ne4 15.
Bxe4 dxe4 16. Ng5 f5 17. Ne6 Qa5+ 18. Qd2 Qxd2+ 19. Kxd2 Bf6 20. Rag1 Rec8 21.
b4 h6 22. Kc2 Kf7 23. d5 Bxb2 24. Kxb2 Nf6 25. Nd4 Nxd5 26. a3 Rb7 27. h4 Kf6
28. h5 g5 29. fxg5+ hxg5 30. h6 e5 31. Nxc6 Rh7 32. Nxe5 Kxe5 33. Rxg5 Kf6 34.
Rgg1 Rch8 35. Rd1 Ke6 36. Kb3 Rxh6 37. Rxh6+ Rxh6 38. a4 a6 39. axb5 axb5 40.
Ra1 Nc7 41. Ra7 Kd7 42. Ra1 Rh2 43. Rd1+ Kc6 44. Rd6+ Kb7 45. Rd2 f4 46. Rd4
fxe3 47. fxe3 Rh4 48. Kc3 Ne8 49. Rd7+ Kc6 50. Rf7 Nc7 51. Rf4 Nd5+ 52. Kd4
Nxf4 0-1

[Event "Kreis-Mitte-EM"]
[Site "Zirndorf"]
[Date "2016.01.03"]
[Round "1.5"]
[White "Mantel, Ruben"]
[Black "Effenberg, Michael"]
[Result "1-0"]
[WhiteElo "1901"]
[BlackElo "1673"]
[PlyCount "59"]
[EventDate "2016.??.??"]
[WhiteTeam "Zabo-Eintracht N."]
[BlackTeam "SC  JÄKLECHEMIE"]

1. d4 d5 2. Nf3 e6 3. Bf4 Nf6 4. e3 c5 5. Nbd2 Nc6 6. c3 Qb6 7. Rb1 cxd4 8.
exd4 Be7 9. Bd3 O-O 10. O-O Re8 11. Ne5 Nxe5 12. dxe5 Nd7 13. Qg4 Nf8 14. Nf3
Bd7 15. Rfe1 Bc5 16. Qg3 Bb5 17. Bc2 Qa6 18. Ng5 Qxa2 19. Qh4 g6 20. Qh6 Rac8
21. h4 Qa6 22. Rbd1 Qb6 23. Rd2 d4 24. h5 d3 25. hxg6 fxg6 26. Bxd3 Bxf2+ 27.
Rxf2 Bxd3 28. Be3 Qc7 29. Rf7 Qxe5 30. Rxf8+ 1-0

[Event "Kreis-Mitte-EM"]
[Site "Zirndorf"]
[Date "2016.01.03"]
[Round "1.6"]
[White "Nüßlein, Christian"]
[Black "Wawor, Gerhard"]
[Result "1-0"]
[WhiteElo "1649"]
[BlackElo "1893"]
[PlyCount "107"]
[EventDate "2016.??.??"]
[WhiteTeam "SGem Nürnberg 1978"]
[BlackTeam "SK Nürnberg"]

1. e4 e6 2. d4 d5 3. Nc3 Bb4 4. e5 Ne7 5. Qg4 O-O 6. Bd3 c5 7. a3 Bxc3+ 8. bxc3
Nbc6 9. Bg5 Qa5 10. Ne2 c4 11. Bxh7+ Kxh7 12. Bxe7 Rd8 13. Bd6 Rh8 14. O-O Bd7
15. f4 Kg8 16. Rf3 Qd8 17. Raf1 Qh4 18. Qxh4 Rxh4 19. Ng3 f5 20. exf6 gxf6 21.
f5 e5 22. dxe5 Nxe5 23. Bxe5 fxe5 24. f6 Rc8 25. Nf5 Bxf5 26. Rxf5 Re4 27. f7+
Kf8 28. Rg5 Ke7 29. Rg8 Rf8 30. Rg7 Re2 31. g4 Rxc2 32. g5 e4 33. g6 Rxc3 34.
Rd1 Rd3 35. Rb1 b6 36. Rh7 Rxa3 37. Rh8 Rxf7 38. gxf7 Kxf7 39. Rd1 Rd3 40. Rf1+
Ke6 41. Rh6+ Ke5 42. Ra1 c3 43. Rh5+ Kd4 44. Ra4+ Ke3 45. Rxa7 c2 46. Rc7 Kd2
47. Rh6 e3 48. Rhc6 e2 49. Rxc2+ Ke3 50. Re7+ Kf3 51. Rcxe2 Rd1+ 52. Re1 Rxe1+
53. Rxe1 d4 54. h4 1-0

[Event "Kreis-Mitte-EM"]
[Site "Zirndorf"]
[Date "2016.01.03"]
[Round "1.7"]
[White "Leis, Stefan"]
[Black "Albayrak, Aylin"]
[Result "1-0"]
[WhiteElo "1878"]
[BlackElo "1646"]
[PlyCount "33"]
[EventDate "2016.??.??"]
[WhiteTeam "SC Mühlhof-R'dorf"]
[BlackTeam "Zabo-Eintracht Nürnberg"]

1. e4 e5 2. d4 exd4 3. Nf3 c5 4. c3 dxc3 5. Nxc3 Nc6 6. Bc4 h6 7. O-O Nf6 8. e5
Ng4 9. Qd5 Qe7 10. Nb5 Kd8 11. Bf4 g5 12. Bg3 Nb4 13. Qd2 a6 14. Nd6 Rh7 15. a3
b5 16. Bd3 Nxd3 17. Qa5# 1-0

[Event "Kreis-Mitte-EM"]
[Site "Zirndorf"]
[Date "2016.01.03"]
[Round "1.8"]
[White "Hahn, Thomas"]
[Black "Drees, Martin"]
[Result "0-1"]
[WhiteElo "1637"]
[BlackElo "1875"]
[PlyCount "56"]
[EventDate "2016.??.??"]
[WhiteTeam "Zabo-Eintracht Nürnberg"]
[BlackTeam "TSV Cadolzburg"]

1. e4 e5 2. f4 Qh4+ 3. g3 Qe7 4. fxe5 d6 5. exd6 Qxe4+ 6. Qe2 Qxe2+ 7. Bxe2
Bxd6 8. Nf3 Nc6 9. a3 Bf5 10. d3 O-O-O 11. Nc3 h6 12. Be3 a6 13. Nd4 Nxd4 14.
Bxd4 Bxg3+ 15. Bf2 Bxf2+ 16. Kxf2 Nf6 17. Rhg1 g5 18. Raf1 Nd5 19. Nxd5 Rxd5
20. h4 gxh4 21. Bg4 Bxg4 22. Rxg4 Rg5 23. Rf4 h3 24. Ke3 Re8+ 25. Kd4 f5 26.
Rxf5 h2 27. Rxg5 hxg5 28. Rh1 Re2 0-1

[Event "Kreis-Mitte-EM"]
[Site "Zirndorf"]
[Date "2016.01.03"]
[Round "1.9"]
[White "Herbst, Thomas"]
[Black "Mantel, Hubert"]
[Result "1/2-1/2"]
[WhiteElo "1837"]
[BlackElo "1636"]
[PlyCount "113"]
[EventDate "2016.??.??"]
[WhiteTeam "SK Nürnberg 1911"]
[BlackTeam "Zabo-Eintracht N."]

1. c4 e6 2. g3 d5 3. Bg2 c6 4. Nf3 f5 5. O-O Nf6 6. d4 Bd6 7. Qc2 O-O 8. Bf4
Bxf4 9. gxf4 Ne4 10. Nbd2 Nd7 11. c5 Rf6 12. Ne5 Rh6 13. Ndf3 Qe8 14. Nxd7 Bxd7
15. e3 Qh5 16. h3 g5 17. Nxg5 Nxg5 18. fxg5 Qxg5 19. f4 Qg7 20. Kh2 Kh8 21. Rg1
Rg8 22. Qf2 Qf6 23. Bf3 Rxg1 24. Rxg1 Be8 25. Rg5 Rg6 26. Qg3 h6 27. Rxg6 Bxg6
28. Kg2 Kh7 29. Qe1 Qg7 30. Kf1 Be8 31. Qh4 Qd7 32. Qf6 Bg6 33. Ke2 Qf7 34.
Qxf7+ Bxf7 35. Kd2 Kg6 36. b4 Be8 37. Kc3 Bd7 38. Kb3 Be8 39. Be2 Kf6 40. Ka4
Ke7 41. Ka5 Kd8 42. a4 Kc7 43. b5 Kb8 44. Kb4 Kc7 45. Kc3 Kd8 46. Kd2 Ke7 47.
Kc3 Kd8 48. b6 a5 49. Kd2 Ke7 50. Ba6 Kd7 51. Bxb7 Bh5 52. Ba6 Bf3 53. Ke1 Be4
54. Kf2 Bc2 55. Ke1 Bxa4 56. Kd2 Bb5 57. Bxb5 1/2-1/2

[Event "Kreis-Mitte-EM"]
[Site "Zirndorf"]
[Date "2016.01.03"]
[Round "1.10"]
[White "Berg, Winfried"]
[Black "Hannweber, Markus"]
[Result "0-1"]
[WhiteElo "1631"]
[BlackElo "1832"]
[PlyCount "56"]
[EventDate "2016.??.??"]
[WhiteTeam "SW Nürnberg Süd"]
[BlackTeam "SK Nürnberg 1911"]

1. e4 e5 2. d4 exd4 3. Bc4 d6 4. Nf3 Nc6 5. Nxd4 Bd7 6. Nc3 Nf6 7. Bg5 Be7 8.
Nxc6 Bxc6 9. Qe2 Nd7 10. Bf4 Bf6 11. Nd5 Bxb2 12. Rb1 Be5 13. Be3 O-O 14. f4
Bf6 15. O-O a6 16. Qh5 Bxd5 17. Bxd5 g6 18. Qg4 c6 19. Bc4 b5 20. Bb3 c5 21.
Bd5 Rb8 22. Rf3 Nb6 23. Rd1 Nxd5 24. Rxd5 Qe7 25. Rh3 Qxe4 26. Rdh5 Bd4 27.
Rxh7 Bxe3+ 28. Kf1 Qc4+ 0-1

[Event "Kreis-Mitte-EM"]
[Site "Zirndorf"]
[Date "2016.01.03"]
[Round "1.11"]
[White "Faralisz, Patrick"]
[Black "Wieczorek, Heinz"]
[Result "1-0"]
[WhiteElo "1825"]
[BlackElo "1630"]
[PlyCount "45"]
[EventDate "2016.??.??"]
[WhiteTeam "SC N-T Nürnberg"]
[BlackTeam "SW Nürnberg Süd"]

1. e4 e5 2. Nf3 Nc6 3. Bc4 Bc5 4. c3 Nf6 5. d3 d6 6. Bb3 h6 7. Nbd2 Bg4 8. h3
Bh5 9. Nf1 O-O 10. g4 Bg6 11. g5 Nh5 12. gxh6 Nf4 13. Bxf4 exf4 14. hxg7 Kxg7
15. Qd2 Ne5 16. N1h2 Re8 17. O-O-O Nxd3+ 18. Qxd3 Rxe4 19. Rhg1 Qe7 20. Bc2 Re6
21. Nd4 Kh8 22. Nf5 Bxf2 23. Rxg6 1-0

[Event "Kreis-Mitte-EM"]
[Site "Zirndorf"]
[Date "2016.01.03"]
[Round "1.13"]
[White "Meulner, Fabian"]
[Black "Walch, Roger"]
[Result "1-0"]
[WhiteElo "1765"]
[BlackElo "1617"]
[PlyCount "53"]
[EventDate "2016.??.??"]
[WhiteTeam "SW Nürnberg Süd"]
[BlackTeam "SW Nürnberg Süd"]

1. e4 e6 2. d4 d5 3. Nd2 a6 4. Bd3 Nf6 5. Ngf3 c5 6. c3 Nc6 7. O-O Be7 8. Re1
cxd4 9. cxd4 O-O 10. a3 dxe4 11. Nxe4 h6 12. Nc3 b5 13. Be3 Bb7 14. Rc1 Rc8 15.
Bb1 Ng4 16. Qd3 f5 17. Bf4 Bf6 18. d5 exd5 19. Qxf5 Bxc3 20. Qh7+ Kf7 21. Rxc3
Qf6 22. Qf5 Kg8 23. Qxg4 Qxf4 24. Qg6 Qf6 25. Qh7+ Kf7 26. Rxc6 Rxc6 27. Bg6+
1-0

[Event "Kreis-Mitte-EM"]
[Site "Zirndorf"]
[Date "2016.01.03"]
[Round "1.14"]
[White "Meyer, Robert"]
[Black "Wirth, Karl-Heinz"]
[Result "1/2-1/2"]
[WhiteElo "1568"]
[BlackElo "1758"]
[PlyCount "45"]
[EventDate "2016.??.??"]
[WhiteTeam "SC Stein"]
[BlackTeam "SC Mühlhof-R'dorf"]

1. d4 Nf6 2. Nf3 e6 3. g3 c5 4. e3 Nc6 5. Bg2 d5 6. O-O Be7 7. Nbd2 O-O 8. c3
Bd7 9. Re1 cxd4 10. exd4 Qc7 11. Ne5 Nxe5 12. dxe5 Ne8 13. Qg4 f6 14. Qe2 fxe5
15. Qxe5 Qb6 16. Nf3 Nf6 17. Qe2 Rae8 18. Be3 Bc5 19. b4 Bxe3 20. Qxe3 Qxe3 21.
Rxe3 Ne4 22. Ne5 Nf6 23. Rae1 1/2-1/2

[Event "Kreis-Mitte-EM"]
[Site "Zirndorf"]
[Date "2016.01.03"]
[Round "1.15"]
[White "Junk, Philipp"]
[Black "Kocak, Ediz"]
[Result "1-0"]
[WhiteElo "1747"]
[BlackElo "1567"]
[PlyCount "87"]
[EventDate "2016.??.??"]
[WhiteTeam "SC  JÄKLECHEMIE"]
[BlackTeam "SW Nürnberg Süd"]

1. e4 d5 2. exd5 Nf6 3. c4 c6 4. d4 cxd5 5. Nc3 e6 6. Nf3 Bb4 7. Qa4+ Nc6 8.
Bg5 O-O 9. a3 Bxc3+ 10. bxc3 dxc4 11. Bxc4 Qa5 12. Qxa5 Nxa5 13. Bd3 Nd5 14. c4
Nb6 15. Rc1 f6 16. Be3 Rd8 17. Ke2 Bd7 18. Rhd1 Ba4 19. Re1 Rac8 20. c5 Nd5 21.
Nd2 f5 22. g3 h6 23. h4 Rf8 24. Kf3 e5 25. dxe5 f4 26. gxf4 Nxf4 27. Bxf4 g5
28. hxg5 hxg5 29. Rg1 Rxf4+ 30. Ke3 Rh4 31. Rxg5+ Kf7 32. Ne4 Rch8 33. Rcg1 Bc6
34. Nd6+ Kf8 35. Rf5+ Ke7 36. Rg7+ Kd8 37. Nf7+ Ke8 38. Nxh8 Rh3+ 39. f3 Rxh8
40. Rf6 Nb3 41. e6 Nxc5 42. Bg6+ Kd8 43. e7+ Kc8 44. Rf8+ 1-0

[Event "Kreis-Mitte-EM"]
[Site "Zirndorf"]
[Date "2016.01.03"]
[Round "1.16"]
[White "Lingl, Peter"]
[Black "Leuschner, Günter"]
[Result "0-1"]
[WhiteElo "1449"]
[BlackElo "1746"]
[PlyCount "74"]
[EventDate "2016.??.??"]
[WhiteTeam "SC  JÄKLECHEMIE"]
[BlackTeam "SW Nürnberg Süd"]

1. e4 e5 2. Bc4 Nf6 3. d3 Be7 4. f4 Nc6 5. Nc3 d6 6. f5 Na5 7. Bb3 Nxb3 8. axb3
c6 9. Nf3 Qc7 10. O-O Bd7 11. Qe1 a6 12. h3 Rc8 13. Bd2 d5 14. Qg3 dxe4 15.
dxe4 Kf8 16. Rad1 Re8 17. Kh1 Nh5 18. Qh2 h6 19. g4 Nf6 20. Qg2 b5 21. Qf2 b4
22. Na2 Nxe4 23. Qg2 c5 24. Be3 Bc6 25. Qh2 Ng5 26. Bxg5 Bxg5 27. Nc1 Bf4 28.
Qf2 Kg8 29. Nd3 e4 30. Nxc5 e3 31. Qe2 Bb5 32. Nd3 Kh7 33. g5 hxg5 34. Nxg5+
Bxg5 35. Qh5+ Bh6 36. Rde1 Bc6+ 37. Kg1 Qg3# 0-1

[Event "Kreis-Mitte-EM"]
[Site "Zirndorf"]
[Date "2016.01.03"]
[Round "1.17"]
[White "Rummel, Gerald"]
[Black "Albayrak, Atilla"]
[Result "1-0"]
[WhiteElo "1732"]
[BlackElo "1387"]
[PlyCount "75"]
[EventDate "2016.??.??"]
[WhiteTeam "SC Anderssen Nbg."]
[BlackTeam "Zabo-Eintracht Nürnberg"]

1. Nf3 Nf6 2. c4 e6 3. g3 c6 4. Bg2 d5 5. b3 Nbd7 6. O-O Bc5 7. Bb2 Qc7 8. d4
Be7 9. Nc3 O-O 10. Rc1 Nb6 11. Ne5 Nfd7 12. c5 Nxe5 13. cxb6 axb6 14. dxe5 Qxe5
15. Qc2 Qg5 16. e4 d4 17. Na4 e5 18. Nxb6 Rxa2 19. Qb1 Ra6 20. Nxc8 Rxc8 21. f4
exf4 22. gxf4 Qh4 23. Bxd4 c5 24. Bc3 Rh6 25. h3 Rg6 26. Qd3 Rd8 27. Qe3 b6 28.
e5 c4 29. Be1 Qh5 30. Qf3 Bc5+ 31. Kh2 Qf5 32. Rxc4 h6 33. Qe4 Qd7 34. f5 Rxg2+
35. Qxg2 Qd1 36. Rg4 g6 37. fxg6 Kf8 38. gxf7 1-0

[Event "Kreis-Mitte-EM"]
[Site "Zirndorf"]
[Date "2016.01.03"]
[Round "1.18"]
[White "Hauck, Martin"]
[Black "Hestermann, Hans-Ludwig"]
[Result "0-1"]
[WhiteElo "1053"]
[BlackElo "1714"]
[PlyCount "78"]
[EventDate "2016.??.??"]
[WhiteTeam "SC N-T Nürnberg"]
[BlackTeam "Zabo-Eintracht N."]

1. e4 e6 2. d4 d5 3. e5 c5 4. Bb5+ Nc6 5. Nf3 Bd7 6. O-O cxd4 7. Nxd4 Qc7 8. f4
Bc5 9. c3 Nge7 10. b4 Bb6 11. a4 a5 12. bxa5 Nxa5 13. Bxd7+ Qxd7 14. Ra2 Nc4
15. g4 Nc6 16. Na3 N6a5 17. Nxc4 Nxc4 18. h4 O-O 19. Kh2 Bxd4 20. cxd4 Rfc8 21.
f5 b5 22. fxe6 fxe6 23. Raf2 bxa4 24. Rf7 Qxf7 25. Rxf7 Kxf7 26. Qf3+ Kg8 27.
g5 Rf8 28. Qg4 Rf5 29. g6 a3 30. h5 a2 31. gxh7+ Kxh7 32. Qg6+ Kg8 33. Qxe6+
Rf7 34. Qg6 a1=Q 35. e6 Ra2+ 36. Kg3 Qc3+ 37. Kg4 Rg2+ 38. Kh4 Qe1+ 39. Kh3
Qh1# 0-1

[Event "Kreis-Mitte-EM"]
[Site "Zirndorf"]
[Date "2016.01.03"]
[Round "2.1"]
[White "Thürauf, Peter"]
[Black "Fuchs, Gerhard"]
[Result "0-1"]
[WhiteElo "1800"]
[BlackElo "2052"]
[PlyCount "76"]
[EventDate "2016.??.??"]
[WhiteTeam "SW Nürnberg Süd"]
[BlackTeam "SK Nürnberg"]

1. d4 Nf6 2. Nf3 g6 3. c4 Bg7 4. g3 O-O 5. Bg2 c5 6. d5 b5 7. O-O bxc4 8. d6
Bb7 9. Nc3 exd6 10. Qxd6 Qb6 11. Bf4 Na6 12. Qxb6 axb6 13. Bd6 Rfe8 14. Rfd1
Ne4 15. Nxe4 Bxe4 16. Rac1 b5 17. Rd2 Bh6 18. Bf4 Bxf4 19. gxf4 d5 20. Ne5 Bxg2
21. Kxg2 Rad8 22. Rcd1 Nc7 23. a4 Rb8 24. Nd7 bxa4 25. Nxb8 Rxb8 26. Rc1 f5 27.
f3 Rb4 28. Kf2 Kf7 29. e4 d4 30. Kg3 Nb5 31. e5 c3 32. bxc3 Nxc3 33. Rdc2 Rb3
34. Ra1 a3 35. h4 h5 36. Kh3 d3 37. Rg2 Ne2 38. e6+ Ke7 0-1

[Event "Kreis-Mitte-EM"]
[Site "Zirndorf"]
[Date "2016.01.03"]
[Round "2.2"]
[White "Erlbeck, Peter"]
[Black "Faralisz, Patrick"]
[Result "1-0"]
[WhiteElo "2018"]
[BlackElo "1825"]
[PlyCount "45"]
[EventDate "2016.??.??"]
[WhiteTeam "SW Nürnberg Süd"]
[BlackTeam "SC N-T Nürnberg"]

1. e4 c5 2. Nc3 Nc6 3. f4 g6 4. Nf3 Bg7 5. Bc4 e6 6. f5 Nge7 7. fxe6 fxe6 8. d3
O-O 9. O-O d5 10. Bb3 Nd4 11. Bg5 Nxb3 12. axb3 d4 13. Ne2 Qc7 14. Qe1 e5 15.
Qh4 Nc6 16. Rf2 Be6 17. Raf1 Rae8 18. Bh6 Bxh6 19. Qxh6 Qg7 20. Qh4 Nb4 21. Ng5
Rxf2 22. Rxf2 Nxc2 23. Nxe6 1-0

[Event "Kreis-Mitte-EM"]
[Site "Zirndorf"]
[Date "2016.01.03"]
[Round "2.3"]
[White "Leuschner, Günter"]
[Black "Süß, Stefan"]
[Result "1/2-1/2"]
[WhiteElo "1746"]
[BlackElo "2002"]
[PlyCount "33"]
[EventDate "2016.??.??"]
[WhiteTeam "SW Nürnberg Süd"]
[BlackTeam "SC Noris-Tarrasch Nürnberg"]

1. d4 e6 2. e4 d5 3. exd5 exd5 4. Nf3 Nf6 5. Be2 Be7 6. O-O O-O 7. Nbd2 Bg4 8.
c3 Re8 9. Ne5 Bxe2 10. Qxe2 Bd6 11. f4 c5 12. Qf3 Nc6 13. Nb3 cxd4 14. cxd4 Ne4
15. Be3 Qb6 16. Rac1 Rac8 17. Qh5 1/2-1/2

[Event "Kreis-Mitte-EM"]
[Site "Zirndorf"]
[Date "2016.01.03"]
[Round "2.4"]
[White "Adelhütte, Dennis"]
[Black "Meulner, Fabian"]
[Result "1/2-1/2"]
[WhiteElo "1924"]
[BlackElo "1765"]
[PlyCount "87"]
[EventDate "2016.??.??"]
[WhiteTeam "SC Jäklechemie"]
[BlackTeam "SW Nürnberg Süd"]

1. e4 e5 2. Nf3 Nc6 3. d4 exd4 4. Nxd4 Nf6 5. Nxc6 bxc6 6. e5 Qe7 7. Qe2 Nd5 8.
c4 Nb6 9. b3 Qe6 10. Nc3 a5 11. g3 a4 12. Rb1 Bb4 13. Bd2 Ra5 14. f4 axb3 15.
axb3 O-O 16. Na4 c5 17. Nb2 Bb7 18. Bg2 Bxg2 19. Qxg2 Ra2 20. O-O f6 21. Bxb4
cxb4 22. exf6 Qxf6 23. Qd2 d6 24. Rf2 Qf5 25. Re1 Qc5 26. Qe3 Qxe3 27. Rxe3 Nc8
28. Nd3 Rxf2 29. Kxf2 c5 30. Kf3 Kf7 31. Nf2 Ne7 32. Ne4 Nf5 33. Rd3 Nd4+ 34.
Kg4 Rd8 35. Ng5+ Kg6 36. h4 h5+ 37. Kh3 Re8 38. Nf3 Nxf3 39. Rxf3 Kf5 40. Rd3
Re6 41. Rd5+ Ke4 42. Kg2 g6 43. Kf2 Rf6 44. Ke2 1/2-1/2

[Event "Kreis-Mitte-EM"]
[Site "Zirndorf"]
[Date "2016.01.03"]
[Round "2.5"]
[White "Hestermann, Hans-Ludwig"]
[Black "Mantel, Ruben"]
[Result "0-1"]
[WhiteElo "1714"]
[BlackElo "1901"]
[PlyCount "58"]
[EventDate "2016.??.??"]
[WhiteTeam "Zabo-Eintracht N."]
[BlackTeam "Zabo-Eintracht N."]

1. d4 Nf6 2. Nf3 g6 3. c4 Bg7 4. Nc3 O-O 5. e3 d6 6. Be2 Nbd7 7. O-O e5 8. dxe5
dxe5 9. Qc2 c6 10. b3 Re8 11. Bb2 e4 12. Nd2 Qe7 13. Rfd1 Nf8 14. Nf1 h5 15.
Rd2 Bf5 16. Rad1 N8h7 17. Ng3 Bc8 18. a3 h4 19. Nf1 Bf5 20. Qc1 Ng5 21. f4 exf3
22. gxf3 Nh3+ 23. Kg2 Nh5 24. f4 N5xf4+ 25. exf4 Nxf4+ 26. Kf2 Qc5+ 27. Kf3
Bg4+ 28. Kxg4 Qh5+ 29. Kxf4 Bh6# 0-1

[Event "Kreis-Mitte-EM"]
[Site "Zirndorf"]
[Date "2016.01.03"]
[Round "2.6"]
[White "Albayrak, Nese Pinar"]
[Black "Leis, Stefan"]
[Result "0-1"]
[WhiteElo "902"]
[BlackElo "1878"]
[PlyCount "118"]
[EventDate "2016.??.??"]
[WhiteTeam "Zabo-Eintracht Nürnberg"]
[BlackTeam "SC Mühlhof-R'dorf"]

1. e4 e6 2. d4 d5 3. Qe2 dxe4 4. Qxe4 Nf6 5. Qe3 Nbd7 6. Nf3 c5 7. Bb5 Qa5+ 8.
Nc3 a6 9. Bxd7+ Bxd7 10. O-O cxd4 11. Qxd4 Bc5 12. Qd1 O-O 13. Bg5 Bc6 14. Bxf6
gxf6 15. Nh4 Be7 16. Qg4+ Qg5 17. Qxg5+ fxg5 18. Nf3 Rfd8 19. Ne5 Be8 20. h3 f6
21. Nc4 b5 22. Nb6 Rab8 23. Nbd5 exd5 24. Rae1 Bc5 25. Nd1 b4 26. b3 Bb5 27. c4
bxc3 28. Nxc3 Bxf1 29. Rxf1 Bb4 30. Ne2 d4 31. Ng3 d3 32. Ne4 Kg7 33. Rd1 Rd4
34. f3 Kg6 35. Kf2 f5 36. Ke3 Rbd8 37. Nd2 f4+ 38. Kf2 Bxd2 39. Rxd2 Rc8 40.
Ke1 Rc1+ 41. Rd1 d2+ 42. Ke2 Rxd1 43. Kxd1 Kh5 44. g4+ Kh4 45. a4 a5 46. b4
Rxb4 47. Kxd2 Kg3 48. h4 h6 49. hxg5 hxg5 50. Kc2 Kxf3 51. Kc3 Ke3 52. Kc2 Rc4+
53. Kb3 Rc7 54. Ka3 Rb7 55. Ka2 Kd3 56. Ka3 Kc2 57. Ka2 Rb4 58. Ka3 Rc4 59. Ka2
Rxa4# 0-1

[Event "Kreis-Mitte-EM"]
[Site "Zirndorf"]
[Date "2016.01.03"]
[Round "2.7"]
[White "Drees, Martin"]
[Black "Junk, Philipp"]
[Result "0-1"]
[WhiteElo "1875"]
[BlackElo "1747"]
[PlyCount "40"]
[EventDate "2016.??.??"]
[WhiteTeam "TSV Cadolzburg"]
[BlackTeam "SC  JÄKLECHEMIE"]

1. e4 c5 2. c3 d5 3. exd5 Qxd5 4. d4 Nf6 5. Nf3 Nc6 6. Be2 Bg4 7. dxc5 Qxc5 8.
Be3 Qa5 9. Qb3 Qc7 10. Ng5 e6 11. Bxg4 Nxg4 12. Nxe6 Qe7 13. Nxf8 Nxe3 14. fxe3
Qxe3+ 15. Kf1 O-O-O 16. h4 Qc1+ 17. Ke2 Qxh1 18. Qxf7 Qxg2+ 19. Ke1 Rhxf8 20.
Qe6+ Kb8 0-1

[Event "Kreis-Mitte-EM"]
[Site "Zirndorf"]
[Date "2016.01.03"]
[Round "2.8"]
[White "Hannweber, Markus"]
[Black "Rummel, Gerald"]
[Result "1/2-1/2"]
[WhiteElo "1832"]
[BlackElo "1732"]
[PlyCount "83"]
[EventDate "2016.??.??"]
[WhiteTeam "SK Nürnberg 1911"]
[BlackTeam "SC Anderssen Nbg."]

1. e4 e6 2. d4 d5 3. exd5 exd5 4. Bd3 Bd6 5. Ne2 Ne7 6. O-O O-O 7. h3 Bf5 8.
Bf4 Bxf4 9. Nxf4 Qd6 10. Ne2 Nd7 11. c3 Nf6 12. Ng3 Bxd3 13. Qxd3 Rfe8 14. Nd2
Ng6 15. Rae1 c6 16. b4 Re6 17. Rxe6 Qxe6 18. Nf3 Re8 19. Re1 Qd7 20. Rxe8+ Nxe8
21. Qe3 Qe7 22. Nf5 Qxe3 23. fxe3 f6 24. Nd2 Kf7 25. e4 Ke6 26. Ne3 Nd6 27.
exd5+ cxd5 28. g3 f5 29. Kf2 Nb5 30. Nd1 Nf8 31. a4 Nd6 32. Nb3 Ne4+ 33. Kf3 b6
34. a5 Nd7 35. h4 Ndf6 36. axb6 axb6 37. Nc1 h6 38. Ne2 g5 39. hxg5 hxg5 40.
Nb2 Nd2+ 41. Ke3 Nde4 42. Nd1 1/2-1/2

[Event "Kreis-Mitte-EM"]
[Site "Zirndorf"]
[Date "2016.01.03"]
[Round "2.9"]
[White "Wirth, Karl-Heinz"]
[Black "Nüßlein, Christian"]
[Result "1-0"]
[WhiteElo "1758"]
[BlackElo "1649"]
[PlyCount "39"]
[EventDate "2016.??.??"]
[WhiteTeam "SC Mühlhof-R'dorf"]
[BlackTeam "SGem Nürnberg 1978"]

1. e4 Nf6 2. Nc3 d5 3. d4 dxe4 4. f3 exf3 5. Nxf3 c5 6. Bf4 a6 7. dxc5 Qxd1+ 8.
Rxd1 Nc6 9. a3 Bf5 10. Bd3 Bg4 11. b4 e5 12. Bg5 Nd4 13. Kf2 Rc8 14. Rhe1 Nd7
15. Bc4 Bxf3 16. Rxd4 Bxc5 17. bxc5 Rxc5 18. gxf3 b5 19. Bb3 Rxc3 20. Rxe5+ 1-0

[Event "Kreis-Mitte-EM"]
[Site "Zirndorf"]
[Date "2016.01.03"]
[Round "2.10"]
[White "Mantel, Hubert"]
[Black "Meyer, Robert"]
[Result "1/2-1/2"]
[WhiteElo "1636"]
[BlackElo "1568"]
[PlyCount "66"]
[EventDate "2016.??.??"]
[WhiteTeam "Zabo-Eintracht N."]
[BlackTeam "SC Stein"]

1. d4 d5 2. Nf3 c6 3. Bf4 Nf6 4. e3 Qb6 5. Qc1 Nh5 6. Be2 Nxf4 7. exf4 Bg4 8.
c3 e6 9. Nbd2 Bd6 10. h3 Bh5 11. g4 Bg6 12. Ne5 f6 13. Nxg6 hxg6 14. Qc2 Kf7
15. Bd3 f5 16. gxf5 gxf5 17. O-O-O Nd7 18. Bxf5 Rh6 19. Rde1 Nf8 20. Bg4 Bxf4
21. Qd3 Rf6 22. Kb1 Qa6 23. Qxa6 bxa6 24. Nf3 Rb8 25. Re2 Rb7 26. Rhe1 a5 27.
Nh4 Bg5 28. Ng2 a4 29. f3 a3 30. b3 Rc7 31. Re5 Bd2 32. Rd1 Bxc3 33. Rd3 Bb4
1/2-1/2

[Event "Kreis-Mitte-EM"]
[Site "Zirndorf"]
[Date "2016.01.03"]
[Round "2.11"]
[White "Wawor, Gerhard"]
[Black "Herbst, Thomas"]
[Result "1-0"]
[WhiteElo "1893"]
[BlackElo "1837"]
[PlyCount "85"]
[EventDate "2016.??.??"]
[WhiteTeam "SK Nürnberg"]
[BlackTeam "SK Nürnberg 1911"]

1. d4 Nf6 2. c4 c6 3. Nc3 d5 4. e3 a6 5. Qc2 b5 6. b3 Bg4 7. Bd3 e6 8. Nge2
Nbd7 9. f3 Bh5 10. Nf4 Bg6 11. e4 b4 12. Nce2 e5 13. cxd5 cxd5 14. Nxg6 hxg6
15. exd5 exd4 16. O-O Bc5 17. Bg5 Qb6 18. Nf4 O-O 19. Kh1 Qd6 20. Rfe1 Nh7 21.
Nxg6 Nxg5 22. Nxf8 Rxf8 23. f4 Qxf4 24. Rf1 Qh4 25. g3 Qh6 26. Rf4 g6 27. Kg2
Qg7 28. Re1 Bd6 29. Rg4 Nh7 30. Bxg6 fxg6 31. Rxg6 Ne5 32. Rxg7+ Kxg7 33. Rd1
Ng5 34. Rxd4 Ngf3 35. Re4 Rf7 36. Qc8 Rc7 37. Rg4+ Kh7 38. Qg8+ Kh6 39. Qh8+
Rh7 40. Qf6+ Kh5 41. Re4 Bb8 42. g4+ Nxg4 43. Qxf3 1-0